Les Titres de la Constitution française - Statistiques

Statistiques générales
  • Ce quiz a été pris 41 fois
  • Le résultat moyen est 8 sur 17
Statistiques - réponses
Hint Réponse % Correct
Titre IV (Art.24 à 33) Le Parlement
100%
Titre III (Art.20 à 23) Le Gouvernement
94%
Titre II (Art.5 à 19) Le Président de la République
94%
Titre I (Art.2 à 4) De la Souveraineté
82%
Titre XVI (Art.89) De la Révision
76%
Titre VII (Art.56 à 63) Le Conseil constitutionnel
65%
Titre IX (Art.67 et 68) La Haute Cour
47%
Titre XI bis (Art.71-1) Le Défenseur des droits
47%
Titre XII (Art.72 à 75-1) Des collectivités territoriales
41%
Titre XIII (Art.76 et 77) Dispositions relatives à la Nouvelle-Calédonie
35%
Titre VIII (Art.64 à 66-1) De l'autorité judiciaire
29%
Titre XV (Art.88-1 à 88-6) De l'Union européenne
29%
Titre XIV (Art.87 et 88) De la Francophonie et des accords d'association
18%
Titre XI (Art.69 à 71) Le Conseil économique social et environnemental
18%
Titre V (Art.34 à 51-2) Des rapports entre le Gouvernement et le Parlement
12%
Titre X (Art.68-1 à 68-3) De la responsabilité pénale des membres du gouvernement
6%
Titre VI (Art.52 à 55) Des traités et accords internationaux
6%
Aucun quiz correspondant
Distribution des résultats
% des personnes avec chaque résultat
Percentile par nombre de réponses
Votre historique - résultats
Vous n’avez pas pris ce quiz